Mercados e instituciones financieras / (Registro nro. 11925)

Detalles MARC
000 -LEADER
fixed length control field 01451nam a2200313Ia 4500
003 - CONTROL NUMBER IDENTIFIER
control field OSt
005 - DATE AND TIME OF LATEST TRANSACTION
control field 20210715160920.0
008 - FIXED-LENGTH DATA ELEMENTS--GENERAL INFORMATION
fixed length control field 130821s1996 mx a gr spa
020 ## - INTERNATIONAL STANDARD BOOK NUMBER
International Standard Book Number 968880679X
040 ## - CATALOGING SOURCE
Original cataloging agency Co-BoUCM
Language of cataloging spa
Transcribing agency CO-JMCR
041 00 - LANGUAGE CODE
Language code of text/sound track or separate title spa
082 04 - DEWEY DECIMAL CLASSIFICATION NUMBER
Classification number 332.0414 /
Item number F121m
Edition number 23
100 1# - MAIN ENTRY--PERSONAL NAME
Personal name Fabozzi, Frank J.
Relator term autor
9 (RLIN) 5903
245 10 - TITLE STATEMENT
Title Mercados e instituciones financieras /
Statement of responsibility, etc. Frank J. Fabozzi, Franco Modigliani, Michale G. Ferri ; traducción : Margarita Gómez Escudero,
260 ## - PUBLICATION, DISTRIBUTION, ETC.
Place of publication, distribution, etc. México D.F. :
Name of publisher, distributor, etc. Prentice-Hall,
Date of publication, distribution, etc. 1996
300 ## - PHYSICAL DESCRIPTION
Extent 697 páginas
Other physical details ilustraciones y gráficas en blanco y negro ;
Dimensions 26 cm.
500 ## - GENERAL NOTE
General note Incluye índices.
505 0# - FORMATTED CONTENTS NOTE
Formatted contents note Instituciones depositarias. -- Intermediarios financieros no bancarios. -- Factores determinantes de los precios de activos y tasas de interés. -- Organización y estructura de mercados. -- Mercados para las deudas gubernamentales. -- Mercados de valores corporativos. -- Hipotecas y mercados de activos asegurados. -- Mercados de instrumentos derivados. --
650 14 - SUBJECT ADDED ENTRY--TOPICAL TERM
Topical term or geographic name entry element Bolsa de valores
9 (RLIN) 10183
650 24 - SUBJECT ADDED ENTRY--TOPICAL TERM
Topical term or geographic name entry element Compras de seguros
9 (RLIN) 11239
650 24 - SUBJECT ADDED ENTRY--TOPICAL TERM
Topical term or geographic name entry element Finanzas
9 (RLIN) 7628
650 24 - SUBJECT ADDED ENTRY--TOPICAL TERM
Topical term or geographic name entry element Instituciones financieras
9 (RLIN) 17761
650 24 - SUBJECT ADDED ENTRY--TOPICAL TERM
Topical term or geographic name entry element Política monetaria
9 (RLIN) 22001
650 24 - SUBJECT ADDED ENTRY--TOPICAL TERM
Topical term or geographic name entry element Seguros
9 (RLIN) 8084
700 1# - ADDED ENTRY--PERSONAL NAME
Personal name Ferri, Michael G.,
Relator term autor
9 (RLIN) 38511
700 1# - ADDED ENTRY--PERSONAL NAME
Personal name Modigliani, Franco
Relator term autor
9 (RLIN) 38512
700 1# - ADDED ENTRY--PERSONAL NAME
Personal name Gómez Escudero, Margarita,
Relator term traductor
9 (RLIN) 38513
942 ## - ADDED ENTRY ELEMENTS (KOHA)
Koha item type Books
Source of classification or shelving scheme Dewey Decimal Classification
Existencias
Withdrawn status Lost status Source of classification or shelving scheme Damaged status Not for loan Home library Current library Shelving location Date acquired Source of acquisition Full call number Barcode Date last seen Copy number Price effective from Koha item type
    Dewey Decimal Classification     Biblioteca Pública José María del Castillo y Rada Biblioteca Pública José María del Castillo y Rada General Stacks 04/15/2018 Donación 332.0414 / F121m 430003117 05/16/2024 Ej.1 03/10/2021 Books